000 00665 a2200181 4500
999 _c5617
_d5617
020 _a9781292020792
050 0 0 _aS591 BRA 2014
100 1 _aBrady, Nyle C.
_eauthor.
245 1 4 _aThe nature and properties of soils /
_c Nyle C. Brady (late), Professor of Soil Science, Emeritus, Cornell University & Ray R. Weil, Professor of Soil Science, University of Maryland,
250 _aFourteenth edition.
264 1 _aEssex :
_bPearson,
_c2011.
300 _a1046p. :
_bcolor illustrations, color maps ;
500 _aIncludes index
650 0 _aSoil science.
650 0 _aSoils.
700 1 _aWeil, Ray R.,
_eauthor.
942 _2lcc
_cBK
_e14th edition
_h591
_iBRA
_kS